Tilastot visalle Valtiot, joiden nimessä on U

Klikkaa tästä pelataksesi tätä visaa!

Yleistilastot

  • Tätä visaa on pelattu 300 kertaa
  • Keskiarvotulos 41 / 54

Vastaustilastot

vihjevaltio% Oikein
1 x URuotsi
96%
1 x USuomi
96%
2 x UUusi-Seelanti
95%
1 x UUkraina
92%
1 x UUnkari
92%
3 x UUruguay
91%
1 x UUzbekistan
89%
1 x UPuola
87%
1 x UTurkki
87%
2 x UTuvalu
87%
1 x USudan
84%
1 x UTurkmenistan
83%
1 x UAustralia
82%
2 x UKuuba
82%
1 x UParaguay
81%
1 x UEtelä-Sudan
80%
1 x UGuinea
80%
1 x UBhutan
79%
2 x UGuinea-Bissau
79%
1 x UUganda
79%
2 x UVanuatu
79%
1 x UBulgaria
78%
1 x UKuwait
78%
1 x UTunisia
78%
1 x USaudi-Arabia
77%
2 x UYhdistynyt kuningaskunta
77%
2 x UBurundi
75%
1 x UBrunei
74%
1 x UGuatemala
74%
1 x USuriname
74%
1 x UGuyana
73%
2 x ULuxemburg
73%
1 x UHonduras
72%
1 x UMauritania
72%
1 x UPortugali
72%
1 x ULiettua
71%
3 x UNorsunluurannikko
71%
4 x UPapua-Uusi-Guinea
71%
2 x UMauritius
70%
1 x UPeru
70%
1 x UBurkina Faso
69%
2 x UNauru
69%
1 x UPalau
69%
1 x URuanda
69%
1 x USaint Lucia
69%
1 x UPäiväntasaajan Guinea
67%
2 x UAntigua ja Barbuda
66%
1 x UKolumbia
64%
1 x UEcuador
61%
1 x UNicaragua
61%
1 x UYhdistyneet arabiemiirikunnat
61%
1 x UDjibouti
58%
1 x UKamerun
56%
1 x UVenezuela
49%

Tulosjakauma

Persentiili vastausten määrän mukaan

Jokaisen tuloksen saaneiden osuus

Tuloshistoriasi

Et ole pelannut tätä visaa